| 000 | 00757nam a2200217Ia 4500 | ||
|---|---|---|---|
| 003 | GCL | ||
| 008 | 140319s9999 xx 000 0 ara d | ||
| 040 |
_aGCL / _cGCL |
||
| 082 | 0 | 4 |
_a658.421 _bش ك |
| 100 | 1 | _aكمال السيد | |
| 245 | 1 | 0 |
_aكيف تصبح صاحب مشروع ناجح ؟ : _bاسرار من 200 مؤسسة خاصة / _cكمال السيد |
| 700 | 1 | _aشيفسكى، لويد | |
| 250 | _aالثانية | ||
| 260 |
_aالقاهرة : _bمركز الاهرام للترجمة والنشر ، _c1998 |
||
| 300 |
_a222 ص ؛ _c24 سم |
||
| 650 | 0 | 4 | _aادارة الاعمال |
| 650 | 0 | 4 | _aالمقاولات |
| 650 | 0 | 4 | _aالمشروعات الجديدة |
| 650 | 0 | 4 | _aالنجاح فى المشروعات |
| 942 |
_2ddc _cBK |
||
| 999 |
_c6423 _d6423 |
||